• 首页
  • 本馆介绍
  • 公告通知
  • 最新文献
  • 馆藏检索
  • 电子资源
  • 读者导购
  • 参考咨询
  • 我的图书馆
  • 登录
  • 详细信息显示
  • 放入我的书架
  • 预约/预借图书
  • 作者相关作品
  • 分类相关作品
  • 丛书相关作品
  • 出版社相关作品

书目信息

  • 表格格式
  • 工作单格式
  • 卡片格式
题名:
山西电网调度史
    
 
作者: 陈佩琳 主编
分册:  
出版信息: 北京   中国电力出版社  2008.03
页数: 297页
开本: 20cm
丛书名: 中华人民共和国电网调度史丛书
单 册:
中图分类: TM73
科图分类:
主题词: 电力系统调度
电子资源:
ISBN: 978-7-5083-6537-4
000 00629nam0 2200205 450
001 0838020293
005 20081219153947.17
010    @a978-7-5083-6537-4@dCNY95.00
100    @a20081219d2008 km y0chiy0120 ea
101 0  @achi
200 1  @a山西电网调度史@Ashan xi dian wang diao du shi@f陈佩琳主编@Fchen pei lin zhu bian
210    @a北京@c中国电力出版社@d2008.03
215    @a297页@d20cm
225 2  @a中华人民共和国电网调度史丛书
410  0 @12001 @a中华人民共和国电网调度史丛书
606 0  @a电力系统调度
690    @aTM73@v4
701  0 @a陈佩琳@Achen pei lin@4主编
801  0 @aCN@bNISOFT@c20081219
905    @aBZT@dTM73@e1@f5
    
    山西电网调度史/陈佩琳主编.-北京:中国电力出版社,2008.03
    297页;20cm.-(中华人民共和国电网调度史丛书)
    
    
    ISBN 978-7-5083-6537-4:CNY95.00
    
●
相关链接 在五车中查询图书 在当当中查询图书 在豆瓣中查询图书


正题名:山西电网调度史     索取号:TM73/1         预约/预借

序号 登录号 条形码 馆藏地/架位号 状态 备注
1 0692492   2000692492   样本书库/样007架B面4层3列/ [索取号:TM73/1] 在馆    
2 0692493   2000692493   中心书库中库/ 中库029架A面3列4层3/ [索取号:TM73/1] 在馆    
3 0692494   2000692494   中心书库中库/ 中库029架A面3列4层2/ [索取号:TM73/1] 在馆    
4 0692495   2000692495   中心书库中库/ 中库029架A面3列4层1/ [索取号:TM73/1] 在馆    
5 0692496   2000692496   中心书库/ [索取号:TM73/1] 已借出,限还日期为2016.05.14
借出人:高瑞丽  
 
山东省滨州职业学院图书馆 欢迎您!
大连网信软件有限公司© 版权所有